Resultados de la modernización de las finanzas públicas y su ordenamiento en la República de Honduras /
Presenta los avances logrados en el ordenamiento y modernización de las finanzas públicas de Honduras y su impacto en la descentralización, la racionalidad del gasto, las finanzas municipales, concluyendo con el análisis de algunos factores facilitadores y limitantes del proceso de reforma en este c...
Spremljeno u:
| Glavni autor: | |
|---|---|
| Format: | Tekst |
| Teme: | |
| Oznake: |
Dodaj oznaku
Bez oznaka, Budi prvi tko označuje ovaj zapis!
|
MARC
| LEADER | 00000 a a2200000 04500 | ||
|---|---|---|---|
| 001 | 14131 | ||
| 003 | |||
| 040 | |||
| 100 | |a Gómez Méndez, Adrián | ||
| 245 | |a Resultados de la modernización de las finanzas públicas y su ordenamiento en la República de Honduras / |c Adrián Gómez Méndez | ||
| 520 | |a Presenta los avances logrados en el ordenamiento y modernización de las finanzas públicas de Honduras y su impacto en la descentralización, la racionalidad del gasto, las finanzas municipales, concluyendo con el análisis de algunos factores facilitadores y limitantes del proceso de reforma en este campo. REV//jmml | ||
| 650 | |a HACIENDA PUBLICA | ||
| 650 | |a MODERNIZACION | ||
| 650 | |a ESTADO | ||
| 650 | |a POLITICA | ||
| 650 | |a CONTROL SOCIAL | ||
| 650 | |a DESCENTRALIZACION | ||
| 650 | |a PRESUPUESTO | ||
| 650 | |a ADMINISTRACION PUBLICA | ||
| 650 | |a BUROCRACIA | ||
| 650 | |a GASTOS | ||
| 650 | |a INVERSIONES | ||
| 650 | |a PLANIFICACION ECONOMICA | ||
| 650 | |a POBREZA | ||
| 650 | |a CALIDAD DE LA VIDA | ||
| 650 | |2 Macrothesaurus de la OCDE | ||
| 650 | |a PROYECTOS DE DESARROLLO | ||
| 773 | |g número 37; páginas 81-92 | ||
| 999 | |c 32118 |d 32118 | ||
